00540nam a2200193 a 4500001001300000003000900013005001700022008004100039020001000080082001700090100003800107245005000145260005100195300000800246500003500254505001000289650000900299700003800308nice12345678IN_TiNIC20260116012501.0050524s0000 teha grp 000 0 eng  ac10000a955.054bIPO aIslamic Propagation, Organisation aConstitution of the Islamic Republic of Iran. aTehranbIslamic Propagagion Organisationc0000 a80p aincludes index and biblioraphy2 aIndex aIran1 aIslamic Propagation, Organisation